000 00377 a2200169 4500
001 60256
020 _a8532256783
040 _cAnchieta - Pituba
100 _aGiovanni Júnior, José Ruy
240 1 0 _aA conquista da Matemática
_lpor
245 1 0 _aA conquista da Matemática
300 _a383
362 0 _a2005
440 1 _aFTD
650 4 _aMatemática
942 _cBK
999 _c60256
_d60256